Statistics for World Scramble - Countries

Click here to take the quiz!

General Stats

  • This quiz has been taken 1,095 times
  • The average score is 21 of 30

Answer Stats

HintAnswer% Correct
naajpJapan
93%
cormcooMorocco
90%
yrauuguUruguay
86%
iehlcChile
84%
daiinIndia
84%
hazksaktnaKazakhstan
82%
pehiplniispPhilippines
80%
zbairlBrazil
79%
xomiecMexico
79%
abdrboasBarbados
78%
gaudnaUganda
78%
dnwaezeanlNew Zealand
76%
osmaaSamoa
75%
usrsaiRussia
74%
tvaimenVietnam
72%
odjarnJordan
71%
agayunGuyana
67%
agirnacuaNicaragua
67%
ywaonrNorway
65%
ipsnasktPakistan
65%
gaieirnNigeria
62%
iractoaCroatia
60%
mdanekrDenmark
60%
waostabnBotswana
59%
hnteadesrlnNetherlands
59%
nhabiarBahrain
55%
icbadmoaCambodia
50%
edinralIreland
50%
noaorecmCameroon
42%
knirasarlSri Lanka
31%

Score Distribution

Percentile by Number Answered

Percent of People with Each Score

Your Score History

You have not taken this quiz